000 00653nam a22002657a 4500
001 272
003 FISKH
005 20231120080217.0
008 230313b cb ||||| |||| 00| 0 eng d
020 _a9781408339244
040 _aFISKH
_beng
_cFISKH
_dFISKH
050 _aPZ7
082 _a823.92
100 _aBlade, Adam
245 _aBeast Quest
_bCreta the winged terror
_cAdam Blade
260 _aLondon
_bOrchard Books
_c2015
300 _a72 p.
_c20 cm.
490 _aBeast Quest early reader
505 _aF
521 8 _a400
_bLexile
521 8 _aF
_bRaz-Plus
650 _aearly reader
650 _abeast quest
942 _2ddc
_cBK
_n0
999 _c272
_d272